| 000 | 01076nam a2200289Ia 4500 | ||
|---|---|---|---|
| 003 | OSt | ||
| 005 | 20220918170502.0 | ||
| 006 | a|||||r|||| 00| 0 | ||
| 007 | ta | ||
| 008 | 220917b |||||||| |||| 00| 0 eng d | ||
| 020 |
_a9780253018144 (hbk) _cUKP 32.00 |
||
| 024 | _a320,866 | ||
| 037 |
_b12977, 08/03/2017, Elite Publishers Distributors _cTextual |
||
| 040 |
_aARTS _cARTS _beng |
||
| 041 |
_2eng _aeng |
||
| 082 | _aR3xM89, Q5 | ||
| 100 |
_aHeidegger Martin Au. _929319 |
||
| 245 | 0 |
_aHistory of beyng _b 1. the history of beyng (1938-40) 2. koivov out of the history of beyng (1939-40) |
|
| 260 |
_aBloomington _bIndiana University Press U.S.A _c2015 |
||
| 300 |
_axvi,208p. _ccm. |
||
| 490 | _aStudies in continental thought | ||
| 650 |
_aHEIDEGGER, MARTIN; PHILOSOPHERS _929320 |
||
| 700 |
_a McNeill William Tr. _929321 |
||
| 700 |
_a Powell Jeffrey Tr. _929322 |
||
| 942 |
_hR3xM89, Q5 _cTEXL _2CC |
||
| 999 |
_c134354 _d134354 |
||